Statistics for NBA Teams By Real Pictures

Click here to take the quiz!

General Stats

  • This quiz has been taken 260 times
  • The average score is 23 of 30

Answer Stats

Answer% Correct
Boston Celtics
93%
Minnesota Timberwolves
91%
Sacramento Kings
91%
Atlanta Hawks
90%
Miami Heat
90%
Phoenix Suns
90%
Memphis Grizzlies
88%
New Orleans Pelicans
88%
Oklahoma City Thunder
88%
Orlando Magic
88%
Utah Jazz
88%
Houston Rockets
87%
Milwaukee Bucks
87%
Washington Wizards
87%
Charlotte Hornets
86%
Toronto Raptors
86%
Brooklyn Nets
84%
Chicago Bulls
82%
Denver Nuggets
75%
Golden State Warriors
75%
Los Angeles Lakers
74%
Detroit Pistons
72%
San Antonio Spurs
71%
Dallas Mavericks
66%
Indiana Pacers
65%
Philadelphia 76ers
63%
Cleveland Cavaliers
53%
New York Knicks
50%
Portland Trail Blazers
49%
Los Angeles Clippers
47%

Score Distribution

Percentile by Number Answered

Percent of People with Each Score

Your Score History

You have not taken this quiz